Náusea un plato fuerte de poesía
Uloženo v:
| Hlavní autor: | |
|---|---|
| Další autoři: | , |
| Médium: | Neznámo |
| Vydáno: |
San José:
EUNED. EUCR
|
| Edice: | Eugenio Fonseca Tortós. Selección de su obra sociológica
|
| Témata: | |
| Tagy: |
Přidat tag
Žádné tagy, Buďte první, kdo vytvoří štítek k tomuto záznamu!
|
MARC
| LEADER | 00000 a2200000 04500 | ||
|---|---|---|---|
| 001 | 19490 | ||
| 003 | cru CIDCACS/IIS | ||
| 005 | 20170426021918.0 | ||
| 008 | 991231s d | ||
| 040 | |c cru CIDCACS/IIS | ||
| 090 | |a 146024 | ||
| 100 | 1 | |a Naranjo Coto, Carmen |9 4391 | |
| 245 | |a Náusea un plato fuerte de poesía |c Jorge Rovira Mas, José Luis Vega Carballo y Fernando Bolaños Baldioceda | ||
| 260 | |a San José: |b EUNED. EUCR | ||
| 300 | |a páginas 909-916; T. 3 | ||
| 440 | 0 | |9 4196 |a Eugenio Fonseca Tortós. Selección de su obra sociológica | |
| 650 | |a LITERATURA | ||
| 650 | |a POESIA COSTARRICENSE | ||
| 650 | |a ANALISIS DE CONTENIDO | ||
| 650 | |a EUGENIO FONSECA TORTOS | ||
| 700 | |a | ||
| 700 | |a Vega Carballo, José Luis | ||
| 700 | |a | ||
| 700 | |a Bolaños Baldioceda, Fernando | ||
| 700 | |a | ||
| 942 | |2 ddc |c LI | ||
| 773 | 0 | |0 28 |9 522 |a Rovira Mas, Jorge |d San José: EUNED. EUCR |o 17954 |t Estratificación social, movilidad social y planificación familiar, y ensayos en honor a Eugenio |w (cru CIDCACS/IIS)19491 |z 996831111 | |
| 999 | |c 12666 |d 12666 | ||
